000 00670nam a2200265Ia 4500
005 20260121170536.0
008 008 260114s9999 xx 000 0 eng d
020 _a9789811079504
037 _aEBOOK
040 _aCRL
040 _beng
040 _cCRL
041 _2eng
041 _aeng
084 _qCRL
100 _aVinod B. Annigeri, R.S. Deshpande, Ravindra Dholakia
_91065170
245 0 _aIssues in Indian Public Policies
260 _bSpringer
260 _bSpringer
260 _c2018
856 _uhttps://link.springer.com/openurl?genre=book&isbn=978-981-10-7950-4
942 _cEBOOK
999 _c1630900
_d1630900